Countries Queen Elizabeth II has visited - Statistics

General Stats
  • This quiz has been taken 752 times
    444 since last reset
  • The average score is 76 of 100
Answer Stats
Continent Country % Correct
North America United States of America
96%
North America Canada
95%
Oceania Australia
93%
Asia/ Europe Russia
93%
Asia China
92%
Africa South Africa
92%
Europe Spain
92%
Europe Sweden
92%
Europe France
91%
Europe Germany
91%
Asia India
91%
Europe Italy
91%
Europe Finland
90%
Asia Japan
90%
Europe Norway
89%
Europe Portugal
89%
Europe Austria
88%
South America Brazil
88%
Oceania New Zealand
88%
Europe Ireland
87%
North America Mexico
87%
Europe Denmark
86%
Africa Algeria
85%
Europe Belgium
85%
Europe Poland
85%
Asia/ Europe Turkey
84%
North America the Bahamas
83%
South America Chile
82%
Asia Indonesia
82%
North America Jamaica
82%
Asia South Korea
82%
Europe the Netherlands
82%
Oceania Fiji
81%
Africa Kenya
81%
Europe Croatia
80%
Europe Czech Republic
79%
Europe Hungary
79%
Asia Pakistan
79%
Asia Saudi Arabia
79%
Europe Slovakia
79%
Asia Thailand
79%
Europe Vatican City
79%
North America Barbados
78%
Europe Iceland
78%
Asia Iran
77%
Asia Bangladesh
76%
Asia Malaysia
76%
Europe Malta
76%
Africa Morocco
76%
Africa Nigeria
76%
Asia United Arab Emirates
76%
Africa Zimbabwe
76%
North America Antigua and Barbuda
75%
Europe Estonia
75%
Europe Slovenia
75%
Europe Luxembourg
74%
Asia Singapore
74%
Europe Latvia
73%
Europe Serbia
73%
Oceania Tonga
73%
North America Belize
72%
Europe Cyprus
72%
Africa Zambia
72%
Asia Nepal
71%
North America Saint Lucia
71%
Africa Tanzania
71%
Oceania Tuvalu
71%
Africa Ghana
70%
Asia Oman
70%
Asia Bahrain
69%
Africa Ethiopia
69%
Africa Libya
69%
North America Panama
69%
Asia Qatar
69%
North America Saint Vincent and the Grenadines
69%
Africa Tunisia
69%
North America Dominica
68%
Asia Jordan
68%
Africa Sudan
68%
North America Grenada
67%
Oceania Papua New Guinea
67%
Oceania Solomon Islands
67%
North America Trinidad and Tobago
67%
Africa Botswana
66%
Africa Namibia
66%
Oceania Nauru
66%
Africa Uganda
66%
South America Guyana
65%
Oceania Kiribati
65%
Asia Brunei
64%
Asia Kuwait
64%
Asia Sri Lanka
62%
Africa Mozambique
61%
Africa Mauritius
60%
Asia the Maldives
60%
Africa Malawi
59%
Africa Gambia
56%
Africa Seychelles
56%
Africa Liberia
53%
Africa Sierra Leone
50%
No matching quizzes found
Score Distribution
Percent of People with Each Score
Percentile by Number Answered
Your Score History
You have not taken this quiz since the last reset